Miasy' bedtime / (Record no. 48520)
| 000 -LEADER | |
|---|---|
| fixed length control field | 00332nam a2200109 4500 |
| 100 ## - MAIN ENTRY--PERSONAL NAME | |
| Personal name | Cousins, Maisy, |
| Relator term | author. |
| 9 (RLIN) | 86088 |
| 245 ## - TITLE STATEMENT | |
| Title | Miasy' bedtime / |
| Statement of responsibility, etc | By Lucy Cousins. |
| 260 ## - PUBLICATION, DISTRIBUTION, ETC. (IMPRINT) | |
| Place of publication, distribution, etc | Cambridge, Mass. : |
| Name of publisher, distributor, etc | Candlewick Press, |
| Date of publication, distribution, etc | 2001. |
| 300 ## - PHYSICAL DESCRIPTION | |
| Extent | 1 v. (unpaged) : |
| Other physical details | col. ill. ; |
| Dimensions | 21 cm. |
| 490 ## - SERIES STATEMENT | |
| Series statement | A Maisy sticker book |
| 942 ## - ADDED ENTRY ELEMENTS (KOHA) | |
| Source of classification or shelving scheme | |
| Koha item type | Book |
| Withdrawn status | Lost status | Source of classification or shelving scheme | Damaged status | Not for loan | Home library | Current library | Date acquired | Total Checkouts | Full call number | Barcode | Date last seen | Date checked out | Price effective from | Koha item type |
|---|---|---|---|---|---|---|---|---|---|---|---|---|---|---|
| Logos International School | Logos International School | 03/03/2025 | 1 | E COU | 040441 | 04/03/2025 | 03/27/2025 | 03/03/2025 | Book |